00434nam a2200145Ia 4500003000900000008004100009040001600050080001600066100001700082245007800099260004700177300001300224490003500237650001600272IN-BaIIA211028s9999 xx 000 0 eng d cIIA Library a523.68bHEI aHeide, Fritz 0aMeteoritiesc Fritz Heide  aChicagobUniversity of Chicago Pressc1964 ax, 144p. aPhonix science series; no. 522 aMeteorities